Countries with the Lowest Homicide Rate - Statistics

General Stats
  • This quiz has been taken 260 times
  • The average score is 14 of 23
Answer Stats
Rate Answer % Correct
0.56 Norway
89%
0.31 Japan
85%
0.00 Monaco
83%
0.00 San Marino
82%
0.00 Andorra
79%
0.72 Luxembourg
78%
0.74 South Korea
77%
0.69 Switzerland
77%
0.25 Singapore
75%
0.64 Ireland
73%
0.51 Austria
71%
0.61 Netherlands
70%
0.00 Liechtenstein
69%
0.66 Spain
58%
0.74 China
55%
0.66 UAE
53%
0.54 Bahrain
52%
0.49 Brunei
51%
0.75 Czech Republic
49%
0.74 Poland
47%
0.50 Indonesia
26%
0.71 Burkina Faso
10%
0.62 Madagascar
8%
No matching quizzes found
Score Distribution
Percent of People with Each Score
Percentile by Number Answered
Your Score History
You have not taken this quiz